| 000 | 03684cim a2200793Ii 4500 | ||
|---|---|---|---|
| 001 | 2396939 | ||
| 005 | 20210630172446.0 | ||
| 007 | sd fungnnmmnud | ||
| 008 | 100816t20162016mdunnnn f n eng d | ||
| 020 |
_a9780735210172 _c4499 |
||
| 024 | 1 | _a9780735210172 | |
| 028 | 0 | 2 |
_aPRHA 5924 _bBooks on Tape/Random House Audio |
| 035 |
_a(OCoLC)957233354 _z(OCoLC)936002276 _z(OCoLC)950546225 _z(OCoLC)961856630 _z(OCoLC)961894199 |
||
| 035 | _a(OCoLC)ocn957233354 | ||
| 035 | _a2390155 | ||
| 037 |
_bRandom House, 400 Bennett Cerf Dr, Westminster, MD, USA, 21157 _nSAN 201-3975 |
||
| 040 |
_aPLS _beng _erda _cPLS _dTEF _dOCLCO _dABG _dOCLCO _dJP3 _dZGR _dJQM _dOCLCO _dJRI _dOCLCO _dBTCTA _dBDX _dTEFBT _dNOG _dOCLCF _dFNN _dETC _dBLACP _dWYZ _dHBP _dFO7 _dOCLCO _dVP@ _dOCLCO _dOCLCQ _dOCLCO _dJPL _dOCLCO _dTOH |
||
| 043 | _an-us-ct | ||
| 049 | _aMAIN | ||
| 050 | 1 | 4 |
_aPS3566.I372 _bS63 2016ab |
| 082 | 0 | 4 |
_a813/.54 _223 |
| 084 |
_aFIC044000 _aFIC019000 _aFIC008000 _2bisacsh |
||
| 092 | _aF | ||
| 100 | 1 |
_aPicoult, Jodi, _d1966- _eauthor. _936801 |
|
| 245 | 1 | 0 |
_aSmall great things _h[sound recording] : _ba novel / _cJodi Picoult. |
| 250 | _aUnabridged. | ||
| 264 | 1 |
_a[Westminster, MD] : _bBooks on Tape ; _aNew York : _bRandom House Audio, _c[2016] |
|
| 264 | 4 | _c℗2016 | |
| 300 |
_a13 audio discs (16 hr.) : _bdigital, CD audio ; _c4 3/4 in. |
||
| 306 | _a160000 | ||
| 336 | _aspoken word | ||
| 337 | _aaudio | ||
| 338 | _aaudio disc | ||
| 500 | _aCompact disc. | ||
| 506 | _aRestricted to PRINT DISABLED Patrons. | ||
| 511 | 0 | _aRead by Audra McDonald with Cassandra Campbell and Ari Fliakos. | |
| 520 | _aRuth Jefferson is a labor and delivery nurse at a Connecticut hospital with more than twenty years' experience. During her shift, Ruth begins a routine checkup on a newborn, only to be told a few minutes later that she's been reassigned to another patient. The parents are white supremacists and don't want Ruth, who is African American, to touch their child. The hospital complies with their request, but the next day, the baby goes into cardiac distress while Ruth is alone in the nursery. Does she obey orders or does she intervene? | ||
| 650 | 0 |
_aAfrican American nurses _vFiction. _96380152 |
|
| 650 | 0 |
_aCriminal defense lawyers _vFiction. _95745539 |
|
| 650 | 0 |
_aRace relations _vFiction. _95693518 |
|
| 650 | 0 |
_aRacism _vFiction. _95772209 |
|
| 650 | 4 |
_aWomens Fiction. _96421868 |
|
| 650 | 7 |
_aFICTION _xContemporary Women. _2bisacsh _96388669 |
|
| 650 | 7 |
_aFICTION _xLiterary. _2bisacsh _95717420 |
|
| 650 | 7 |
_aFICTION _xSagas. _2bisacsh _96382964 |
|
| 650 | 7 |
_aAfrican American nurses. _2fast _96380154 |
|
| 650 | 7 |
_aCriminal defense lawyers. _2fast |
|
| 650 | 7 |
_aRace relations. _2fast |
|
| 650 | 7 |
_aRacism. _2fast |
|
| 651 | 0 |
_aConnecticut _vFiction. _95673772 |
|
| 655 | 4 | _aAudiobooks. | |
| 655 | 4 |
_aFiction. _95673940 |
|
| 655 | 7 |
_aAudiobooks. _2fast _96421869 |
|
| 655 | 7 |
_aFiction. _2fast _95673940 |
|
| 655 | 7 |
_aLegal fiction (Literature) _2gsafd _95713024 |
|
| 655 | 7 |
_aLegal fiction (Literature) _2lcgft _95713024 |
|
| 655 | 7 |
_aAudiobooks. _2lcgft _96421869 |
|
| 655 | 7 |
_aCompact discs. _2lcsh _95675080 |
|
| 690 | _aAudiobooks on CD. | ||
| 700 | 1 |
_aMcDonald, Audra, _enarrator. |
|
| 700 | 1 |
_aCampbell, Cassandra, _enarrator. _971281 |
|
| 700 | 1 |
_aFliakos, Ari, _enarrator. _95713108 |
|
| 787 | 0 |
_nOCLC Work Id _ohttp://worldcat.org/entity/work/id/2995284658 |
|
| 942 |
_2ddc _cAUDIOBOOK |
||
| 999 |
_c214839 _d214839 |
||
| 999 | _bF | ||